| 000 | 00905nac a22002291u 4500 | ||
|---|---|---|---|
| 010 | _a2004304105 | ||
| 020 | _a0072230797 | ||
| 020 | _a0070583129 | ||
| 082 |
_a005.74 _bH2932 |
||
| 090 |
_c718 _d718 |
||
| 100 | _aHarper, Annette. | ||
| 245 | 1 | 0 |
_aCrystal Reports 9 on Oracle / _cAnnette Harper. |
| 260 |
_aNew Delhi : _bMcGraw-Hill/Osborne, _cc2003. |
||
| 300 |
_axvi, 390 p. : _bill. ; _c24 cm. |
||
| 500 | _a"Essential skills for database professionals"--Cover. | ||
| 500 | _aIncludes index. | ||
| 650 | 0 | _aDatabase management. | |
| 856 | 4 | 1 |
_3Table of contents only _uhttp://www.loc.gov/catdir/toc/mh051/2004304105.html |
| 856 | 4 | 1 |
_3Publisher description _uhttp://www.loc.gov/catdir/enhancements/fy0620/2004304105-d.html |
| 942 |
_cBB _k005.74H2932 |
||
| 999 |
_c718 _d718 |
||